Capitales d'Asie du Nord au Sud - Statistiques

Statistiques générales
  • Ce quiz a été pris 4 fois
  • Le résultat moyen est 26 sur 48
Statistiques - réponses
Hint Réponse % Correct
51.17N Astana
100%
42.87N Bichkek
100%
40.38N Bakou
75%
4.88N Bandar Seri Begawan
75%
8.57S Dili
75%
40.18N Erevan
75%
6.2S Jakarta
75%
3.13N Kuala Lumpur
75%
47.92N Oulan Bator
75%
1.28N Singapour
75%
41.72N Tbilissi
75%
24.47N Abou Dabi
50%
37.93N Achgabat
50%
31.93N Amman
50%
39.87N Ankara
50%
33.33N Bagdad
50%
33.88N Beyrouth
50%
33.5N Damas
50%
25.28N Doha
50%
38.53N Douchanbe
50%
33.72N Islamabad
50%
31.77N Jerusalem
50%
34.53N Kaboul
50%
27.7N Katmandou
50%
29.37N Koweit
50%
4.17N Male
50%
26.22N Manama
50%
14.58N Manille
50%
23.6N Mascate
50%
28.6N New Delhi
50%
35.17N Nicosie
50%
39.9N Pekin
50%
39.02N Pyongyang
50%
24.63N Riyad
50%
15.33N Sanaa
50%
37.55N Seoul
50%
6.9N Sri Jayawardenapura Kotte
50%
41.27N Tachkent
50%
35.68N Teheran
50%
27.47N Thimphou
50%
35.68N Tokyo
50%
13.75N Bangkok
25%
23.73N Dacca
25%
21.03N Hanoi
25%
19.75N Naypyidaw
25%
11.55N Phnom Penh
25%
25.03N Taipei
25%
17.97N Vientiane
25%
Aucun quiz correspondant
Distribution des résultats
% des personnes avec chaque résultat
Percentile par nombre de réponses
Votre historique - résultats
Vous n’avez pas pris ce quiz